|
|
|
|
| LEADER |
01632nam a2200397 a 4500 |
| 001 |
000406458 |
| 003 |
CZ BrMZK |
| 005 |
20200828135746.0 |
| 007 |
ta |
| 008 |
990315s1998 xr e cze d |
| 040 |
|
|
|a BOA001
|b cze
|
| 043 |
|
|
|a e-xr---
|b e-xr-jm
|2 czenas
|
| 045 |
|
|
|a x-x-
|a x9y0
|
| 080 |
|
|
|a 821.133.1-2
|2 MRF
|
| 080 |
|
|
|a 792.2
|2 MRF
|
| 080 |
|
|
|a (437.322)
|2 MRF
|
| 080 |
|
|
|a (083.97)
|2 MRF
|
| 100 |
1 |
|
|a Moša, Stanislav,
|d 1956-
|7 js20011212073
|4 aut
|
| 245 |
1 |
0 |
|a Hra o lásce, smrti a věčnosti... :
|b [program k 554. premiéře MdB v sezóně 1997/98] /
|c Stanislav Moša, Miloš Štědroň (hudba) ; na motivy hry Romaina Rollanda s použitím překladu Idy de Vries ; [text pragramu: Tomáš Steiner]
|
| 260 |
|
|
|a Brno :
|b Městské divadlo Brno,
|c 1998
|
| 300 |
|
|
|a 114 s. :
|b il. ;
|c 15 cm
|
| 610 |
2 |
7 |
|a Městské divadlo Brno
|7 kn20010724512
|2 czenas
|
| 648 |
|
7 |
|a 20. století
|7 ch460558
|2 czenas
|
| 648 |
|
7 |
|a 1991-2000
|7 ch460587
|2 czenas
|
| 650 |
0 |
7 |
|a francouzské drama
|7 ph120369
|y 20. stol.
|2 czenas
|
| 650 |
0 |
7 |
|a činohry
|7 ph128179
|z Česko
|y 1991-2000
|2 czenas
|
| 651 |
|
7 |
|a Brno (Česko)
|7 ge134084
|2 czenas
|
| 655 |
|
7 |
|a divadelní programy
|7 fd132033
|2 czenas
|
| 700 |
1 |
|
|a Steiner, Tomáš,
|d 1938-2024
|7 jn20001103464
|4 aut
|
| 700 |
1 |
|
|a Rolland, Romain,
|d 1866-1944
|7 jn19990007118
|4 oth
|
| 700 |
1 |
|
|a Vries, Ida de,
|d 1916-1999
|7 jk01151049
|4 trl
|
| 700 |
1 |
|
|a Štědroň, Miloš,
|d 1942-
|7 jk01131153
|4 cmp
|
| 910 |
|
|
|a BOA001
|b 1-1057.372
|
| 967 |
|
|
|a Brno
|b Brno-město
|c cz-ms
|
| 990 |
|
|
|a BK
|
| 996 |
6 |
|
|b 2610089054
|c 1-1057.372
|l MZK
|r Sklad / do 1 hodiny
|n 16
|p p.v.
|w 000406458
|u 000010
|a 1
|e BOA001
|j MZK50
|s P
|